| 000 | 00629nam a22002057a 4500 | ||
|---|---|---|---|
| 003 | OSt | ||
| 005 | 20260303054424.0 | ||
| 008 | 260130b |||||||| |||| 00| 0 eng d | ||
| 020 | _a978-0-446-57257-6 | ||
| 040 |
_aDWCL-Main Lib _cOC |
||
| 082 | _aGR.782.42166 | ||
| 100 | _aTaraborrelli, J. Randy | ||
| 245 | _aMichael Jackson : the magic, the madness, the whole story, 1958-2009 | ||
| 260 |
_aNew York : _bGrand Central Publishing, _cc2010 |
||
| 300 |
_axv , 814 p. : _bill. ; _c23 cm. |
||
| 504 | _aIncludes index. | ||
| 650 | _aJackson, Michael, 1958-2009. | ||
| 650 | _aMusicians - Biography. | ||
| 942 |
_2ddc _cGR _mGR. _n0 |
||
| 999 |
_c8025 _d8025 |
||